Hodnota stanovenia PSAD prechodnej zóny v diagnostike karcinómu prostaty

Bibliographic Details
Main Authors: Švihra, Ján, 1962- (Author), Sopilko, Igor (Author), Ľupták, Ján, 1958- (Author), Eliáš, B. (Author), Kliment, Ján, 1946- (Author), Javorka, Kamil, 1970- (Author), Janík, M. (Author)
Corporate Author: Slovenská urologická spoločnosť. Kongres (Author)
Format: Article
Language:Slovak
ISSN:1335-3071
Subjects:

MARC

LEADER 00000nab a2200000 a 4500
001 vtls000747897
003 SK-MaSNL
005 20260302191759.0
008 160405c2000 xo 0 slo
015 |a SNBRB2001/04-09798 
035 |a CLN000099725 
040 |a SNKBUCL  |b slo  |c SNKBUCL  |e AACR2 
041 0 |a slo 
044 |a xo  |c SK 
080 |a 616.65-006-074  |2 1997 
245 0 0 |a Hodnota stanovenia PSAD prechodnej zóny v diagnostike karcinómu prostaty  |c J. Švihra ... [et al.] 
650 0 7 |a prostata  |x karcinóm  |x diagnostika  |2 snkbucl  |9 858125 
650 0 7 |a antigén špecifický pre prostatu  |2 snkbucl  |9 907867 
650 0 7 |a karcinóm  |x prostata  |x diagnostika  |2 snkbucl  |9 858126 
650 0 7 |a abstrakty z kongresu  |2 snkbucl  |9 168204 
650 0 7 |a antigén špecifický pre prostatu  |x analýza  |2 snkbucl  |9 907869 
650 0 7 |a hodnota testov, prediktívna  |2 snkbucl  |9 852278 
650 0 7 |a nádory prostaty  |x diagnóza  |2 snkbucl  |9 846433 
655 7 |a články z novín a časopisov  |2 snkbucl  |9 267496 
700 1 |a Švihra, Ján,  |d 1962-  |4 aut  |9 194727 
700 1 |a Sopilko, Igor  |4 aut  |9 907870 
700 1 |a Ľupták, Ján,  |d 1958-  |4 aut  |9 201292 
700 1 |a Eliáš, B.  |4 aut  |9 907128 
700 1 |a Kliment, Ján,  |d 1946-  |4 aut  |9 197675 
700 1 |a Javorka, Kamil,  |d 1970-  |4 aut  |9 191942 
700 1 |a Janík, M.  |4 aut  |9 352142 
710 2 |a Slovenská urologická spoločnosť.  |b Kongres  |n (13. :  |d 2000 :  |c Štrbské Pleso, Slovensko)  |4 aut  |9 105690 
773 0 |x 1335-3071  |t Urológia  |g Roč. 6, č. 1 (2000), s. 9 
850 |a Slovenská národná knižnica v Martine 
852 |a SNK  |b KIS3GCP 
958 |a MI 
958 |a RBX 
999 |c 1438503  |d 1440433